| 000 | 00432nam a22001337a 4500 | ||
|---|---|---|---|
| 082 |
_a158 _bDWE/M |
||
| 100 | _aDWECK, CAROL. S | ||
| 245 | _aMINDSET: CHANGING THE WAY YOU THINK TO FULFIL YOUR POTENTIAL | ||
| 246 |
_aMINDSET: CHANGING THE WAY YOU THINK TO FULFIL YOUR POTENTIAL _bMINDSET: CHANGING THE WAY YOU THINK TO FULFIL YOUR POTENTIAL |
||
| 260 |
_aU K _bHACHETTE _c2025 |
||
| 300 | _a400 | ||
| 650 | _aMOTIVATIONAL | ||
| 942 | _cBK | ||
| 999 |
_c9173 _d9173 |
||